<?xml version="1.0" encoding="UTF-8"?>
<record
    xmlns:xsi="http://www.w3.org/2001/XMLSchema-instance"
    xsi:schemaLocation="http://www.loc.gov/MARC21/slim http://www.loc.gov/standards/marcxml/schema/MARC21slim.xsd"
    xmlns="http://www.loc.gov/MARC21/slim">

  <leader>00725nam a2200205Ia 4500</leader>
  <controlfield tag="003">OSt</controlfield>
  <controlfield tag="005">20241001095542.0</controlfield>
  <controlfield tag="008">210210b2017   xxu||||| |||| 00| 0 eng d</controlfield>
  <datafield tag="040" ind1=" " ind2=" ">
    <subfield code="c">AL</subfield>
  </datafield>
  <datafield tag="041" ind1=" " ind2=" ">
    <subfield code="a">Kannada</subfield>
  </datafield>
  <datafield tag="082" ind1=" " ind2=" ">
    <subfield code="a">918.04K ANUC</subfield>
  </datafield>
  <datafield tag="100" ind1=" " ind2=" ">
    <subfield code="a">ANUPAMA (H S)</subfield>
    <subfield code="d">&#xC85;&#xCA8;&#xCC1;&#xCAA;&#xCAE;&#xCBE; (&#xCB9;&#xCC6;&#xC9A;&#xCCD; &#xC8E;&#xCB8;&#xCCD;)</subfield>
    <subfield code="9">180981</subfield>
  </datafield>
  <datafield tag="245" ind1=" " ind2=" ">
    <subfield code="a">Chegevarana neladalli: Brejil Arjentina chili peru pravasa kathana</subfield>
    <subfield code="b">&#xC9A;&#xCC6;&#xC97;&#xCC6;&#xCB5;&#xCBE;&#xCB0;&#xCA8; &#xCA8;&#xCC6;&#xCB2;&#xCA6;&#xCB2;&#xCCD;&#xCB2;&#xCBF;: &#xCAC;&#xCCD;&#xCB0;&#xCC6;&#xC9C;&#xCBF;&#xCB2;&#xCCD; &#xC85;&#xCB0;&#xCCD;&#xC9C;&#xCC6;&#xC82;&#xC9F;&#xCC0;&#xCA8; &#xC9A;&#xCBF;&#xCB2;&#xCBF; &#xCAA;&#xCC6;&#xCB0;&#xCC1; &#xCAA;&#xCCD;&#xCB0;&#xCB5;&#xCBE;&#xCB8; &#xC95;&#xCA5;&#xCA8; </subfield>
  </datafield>
  <datafield tag="260" ind1=" " ind2=" ">
    <subfield code="a">Gadaga</subfield>
    <subfield code="b">Ladayi Prakashana</subfield>
    <subfield code="c">2017</subfield>
  </datafield>
  <datafield tag="300" ind1=" " ind2=" ">
    <subfield code="a">239</subfield>
  </datafield>
  <datafield tag="650" ind1=" " ind2=" ">
    <subfield code="a">,</subfield>
    <subfield code="9">180982</subfield>
  </datafield>
  <datafield tag="690" ind1=" " ind2=" ">
    <subfield code="a">Travel</subfield>
    <subfield code="9">180983</subfield>
  </datafield>
  <datafield tag="906" ind1=" " ind2=" ">
    <subfield code="a">072361</subfield>
  </datafield>
  <datafield tag="942" ind1=" " ind2=" ">
    <subfield code="2">ddc</subfield>
    <subfield code="c">BK</subfield>
  </datafield>
  <datafield tag="999" ind1=" " ind2=" ">
    <subfield code="c">122277</subfield>
    <subfield code="d">122277</subfield>
  </datafield>
  <datafield tag="952" ind1=" " ind2=" ">
    <subfield code="0">0</subfield>
    <subfield code="1">0</subfield>
    <subfield code="4">0</subfield>
    <subfield code="7">0</subfield>
    <subfield code="8">Kannada</subfield>
    <subfield code="a">AL</subfield>
    <subfield code="b">AL</subfield>
    <subfield code="c">Travel</subfield>
    <subfield code="d">2021-02-17</subfield>
    <subfield code="e">Navakarnataka Publication Pvt Ltd., Mangalore.</subfield>
    <subfield code="g">200.00</subfield>
    <subfield code="l">0</subfield>
    <subfield code="o">918.04K ANUC</subfield>
    <subfield code="p">072361</subfield>
    <subfield code="r">2021-02-17 00:00:00</subfield>
    <subfield code="w">2021-02-17</subfield>
    <subfield code="y">BK</subfield>
  </datafield>
</record>
